Synchronisation in Mehrrechner - Datenbanksystemen Konzepte, Realisierungsformen und quantitative Bewertung

Na minha lista:
Detalhes bibliográficos
Autor principal: Rahm, Erhard
Formato: Livro
Idioma:alemão
Publicado em: Berlin Springer 1988
Edição:1. Aufl.
Tags: Adicionar Tag
Sem tags, seja o primeiro a adicionar uma tag!

MARC

LEADER 00000nam a2200000 4500
001 c038245
005 20221219111330.2
041 0 |a ger 
044 |a DE 
245 1 0 |a Synchronisation in Mehrrechner - Datenbanksystemen  |b Konzepte, Realisierungsformen und quantitative Bewertung  |c Erhard Rahm 
250 |a 1. Aufl. 
264 1 |a Berlin  |b Springer  |c 1988 
300 |a 272 s. 
100 1 |a Rahm, Erhard